| 000 | 01400cad a22002415a 4500 | ||
|---|---|---|---|
| 001 | L138519 | ||
| 008 | 070618s2007 xxkd f s 000 0 eng d | ||
| 035 | _a(Sirsi) u138519 | ||
| 041 | 0 | _aeng | |
| 050 | 0 | 4 | _a333.336 $2 18 |
| 110 | 2 |
_aJones Lang LaSalle _93755 |
|
| 245 | 0 | 0 |
_a50 centres office rents _bMay 2007 _h[electronic resource] |
| 260 |
_aLondon _bJLL _c2007 |
||
| 490 | 0 |
_aJLL 50 Centres Office Rents _vMay 2007 |
|
| 520 | _aFinds that achievable office rents have increased by an average of 7.8% during the twelve months to March 2007. Speculative activity in the Midlands has boosted rental growth in the area by an average of 8%. The first speculative development in Leicester for over ten years has attracted a rent of £178 per sq m, 17.9% higher than previous prime rents. Scotland saw rental growth and an overall 8% rise. The importance of the M4 corridor is growing, with rents rising by 4%. Brentford, Chiswick and Staines are all rising well above the average figure. | ||
| 590 | _aKA NTK | ||
| 650 | 2 | 4 | _aOFFICE RENTS |
| 650 | 2 | 4 | _aJLL 50 CENTRES OFFICE RENTS |
| 651 | 4 |
_aUnited Kingdom _y |
|
| 690 | _aPROPERTY-COMMERCIAL PROPERTY-COMMERCIAL PROPERTY MARKET | ||
| 856 | 4 | 0 |
_uhttps://www.research.joneslanglasalle.com/loadpage.asp?document_lang=1&countryid=76&location=/showdocument.asp _zView the item free of charge at www.research.joneslanglasalle.com... |
| 942 | _n0 | ||
| 999 |
_c107190 _d107190 |
||